000 00698nam a2200265Ia 4500
001 459
005 20240113233415.0
007 ta
008 050117s1936 a g b000 u eng u
020 _cPB
040 _aCotton College,Assam
041 _aeng
082 _a821.09
_bM 447 P
100 _aMaurois, Andre .
245 0 _aPoets and Prophets /
_cAndre Maurois.
_hTextual Documents
250 _a1st ed. /
260 _aLondon :
_bCassell & company limited ,
_c1936.
300 _a249p. :
_bill ;
_c21cm .
653 _aEnglish literature-Criticism
653 _aRef.G-English
700 _aMiles, Hamish .
942 _2ddc
_cBK
999 _c457
_d457